Name kpop song start with the letter “M” - Statistics

General Stats
  • This quiz has been taken 5 times
  • The average score is 11 of 20
Answer Stats
Hint Answer % Correct
Viviz Maniac
100%
Straykids Maniac
100%
Illit Magnetic
75%
Hwasa Maria
75%
Gfriend Mago
50%
BTS & lauv Make it right
50%
Exo Mama
50%
Xg Mascara
50%
Kiss of life Midas touch
50%
Treasure MMM
50%
Kai Mmmh
50%
Jay park Mommae
50%
Lisa Money
50%
Gidle Mono
50%
Twice Moonlight sunrise
50%
Taemin Move
50%
BTS & coldplay My universe
50%
Seventeen Maestro
25%
Nct u Make a wish
25%
Bts Magic shop
0%
No matching quizzes found
Score Distribution
Percent of People with Each Score
Percentile by Number Answered
Your Score History
You have not taken this quiz